01405 2200229 4500001002100000005001500021035002000036007000300056008004100059020002200100082001000122084001600132100002100148245003400169250001100203260004500214300003700259650001000296650001800306520083400324990001701158INLIS00000000000225120260416101237 a0010-0426000008ta260416 g f ind  a978-602-03-2031-1 a82-31 a82-31 NAT l0 aNathania, Janica1 aLove Command: The Final Fight aCet. 1 aJakarta :bGramedia Pustaka Utama,c2015 a216 hlm :bilus. ;c13,5 X 20 cm 4aNOVEL 4aFIKSI ROMANSA aLove Command: The Final Fight merupakan babak pamungkas yang mengakhiri drama, komedi, dan romansa dalam kehidupan SMA yang diatur oleh sistem "Love Command". Cerita ini kembali menyoroti kelanjutan hubungan antara Naya dan Arga yang kini harus menghadapi ujian paling berat dalam hubungan mereka sekaligus akhir dari masa sekolah mereka. Janica Nathania menutup trilogi ini dengan menekankan bahwa cinta sejati tidak bisa diperintah atau diatur oleh sistem apa pun. Novel ini mengeksplorasi tema keberanian dalam mengambil keputusan, kedewasaan dalam menerima kenyataan, dan bagaimana persahabatan di masa SMA menjadi pondasi kuat dalam menghadapi perubahan hidup. Dengan gaya bahasa yang santai dan penuh gejolak khas remaja, buku ini memberikan resolusi atas semua rahasia dan kompetisi yang telah dibangun sejak buku pertama. a4043/BBPP/26